Cosmetic facial surgery / (Record no. 1494)

MARC details
000 -LEADER
fixed length control field 02090cam a22004337i 4500
001 - CONTROL NUMBER
control field data
005 - DATE AND TIME OF LATEST TRANSACTION
control field 20260322212103.0
008 - FIXED-LENGTH DATA ELEMENTS--GENERAL INFORMATION
fixed length control field data
035 ## - SYSTEM CONTROL NUMBER
System control number 20181724
010 ## - LIBRARY OF CONGRESS CONTROL NUMBER
LC control number 2017285416
020 ## - INTERNATIONAL STANDARD BOOK NUMBER
International Standard Book Number 9780323393935
Qualifying information hbk
020 ## - INTERNATIONAL STANDARD BOOK NUMBER
International Standard Book Number 0323393934
Qualifying information hbk
035 ## - SYSTEM CONTROL NUMBER
System control number (OCoLC)953224062
040 ## - CATALOGING SOURCE
Original cataloging agency YDXCP
Language of cataloging eng
Transcribing agency YDXCP
Description conventions rda
Modifying agency DLC
-- BTCTA
-- BDX
-- WSU
-- OCLCO
-- MNU
-- OCLCO
-- OCLCF
-- CHVBK
-- OCLCO
-- DLC
042 ## - AUTHENTICATION CODE
Authentication code lccopycat
050 00 - LIBRARY OF CONGRESS CALL NUMBER
Classification number RD119.5.F33
Item number N53 2018
060 #4 - NATIONAL LIBRARY OF MEDICINE CALL NUMBER
Classification number WO 600
Item number N577c 2017
082 00 - DEWEY DECIMAL CLASSIFICATION NUMBER
Classification number 617.9/52
Edition information 23
100 1# - MAIN ENTRY--PERSONAL NAME
Personal name Niamtu, Joseph,
Titles and words associated with a name III,
Relator term author.
245 10 - TITLE STATEMENT
Title Cosmetic facial surgery /
Statement of responsibility, etc. Joe Niamtu, III, DMD, Private Practice, Cosmetic Facial Surgery, Richmond, Virginia, Fellow, American Academy of Cosmetic Surgery, Diplomat, American Board of Cometic Facial Surgery.
250 ## - EDITION STATEMENT
Edition statement Second edition.
264 #1 - PRODUCTION, PUBLICATION, DISTRIBUTION, MANUFACTURE, AND COPYRIGHT NOTICE
Place of production, publication, distribution, manufacture Edinburgh :
Name of producer, publisher, distributor, manufacturer Elsevier,
Date of production, publication, distribution, manufacture, or copyright notice 2018.
264 #4 - PRODUCTION, PUBLICATION, DISTRIBUTION, MANUFACTURE, AND COPYRIGHT NOTICE
Date of production, publication, distribution, manufacture, or copyright notice ©2018.
300 ## - PHYSICAL DESCRIPTION
Extent xii, 795 pages :
Other physical details illustrations ;
Dimensions 29 cm.
336 ## - CONTENT TYPE
Content type term text
Content type code txt
Source rdacontent
337 ## - MEDIA TYPE
Media type term unmediated
Media type code n
Source rdamedia
338 ## - CARRIER TYPE
Carrier type term volume
Carrier type code nc
Source rdacarrier
504 ## - BIBLIOGRAPHY, ETC. NOTE
Bibliography, etc. note Includes bibliographical references and index.
505 0# - FORMATTED CONTENTS NOTE
Formatted contents note The Aging Face -- Evaluation of the Cosmetic Facial Surgery Patient -- Facelift Surgery (Cervicofacial Rhytidectomy) -- Brow and Forehead Lift -- Cosmetic Blepharoplasty -- Rhinoplasty -- Facial Implants -- Cosmetic Otoplasty and Related Ear Surgery -- Neuromodulators (Neurotoxins) -- Injectable Fillers -- Cosmetic Lip Surgery -- Lifetime Skincare -- Laser Skin Resurfacing -- Chemical Peel -- Management of Cerviofacial Fat.
650 #0 - SUBJECT ADDED ENTRY--TOPICAL TERM
Topical term or geographic name entry element Surgery, Plastic.
650 #0 - SUBJECT ADDED ENTRY--TOPICAL TERM
Topical term or geographic name entry element Face
General subdivision Surgery.
650 #2 - SUBJECT ADDED ENTRY--TOPICAL TERM
Topical term or geographic name entry element Surgery, Plastic.
650 #2 - SUBJECT ADDED ENTRY--TOPICAL TERM
Topical term or geographic name entry element Face
General subdivision surgery.
650 #7 - SUBJECT ADDED ENTRY--TOPICAL TERM
Topical term or geographic name entry element Face
General subdivision Surgery.
Source of heading or term fast
Authority record control number or standard number (OCoLC)fst00919548
650 #7 - SUBJECT ADDED ENTRY--TOPICAL TERM
Topical term or geographic name entry element Surgery, Plastic.
Source of heading or term fast
Authority record control number or standard number (OCoLC)fst01139417
906 ## - LOCAL DATA ELEMENT F, LDF (RLIN)
a 7
b cbc
c copycat
d 2
e ncip
f 20
g y-gencatlg
925 0# -
-- acquire
-- 1 shelf copy
-- policy default
955 ## - COPY-LEVEL INFORMATION (RLIN)
-- xm08 2018-02-16 (telework)
Holdings
Withdrawn status Lost status Damaged status Not for loan Home library Current library Shelving location Date acquired Total checkouts Full call number Barcode Date last seen Price effective from Koha item type
        Riverside Riverside General stacks 22/03/2026   617.9/52 LOC-RPL-00041 22/03/2026 22/03/2026 Books